000 00303nam a22001337a 4500
020 _a817826344-0
082 _a823
_bSHA/A
100 _aWILLIAM SHAKESPEAR
245 _aAS YOU LIKE IT
260 _aDELHI
_bROHAN BOOK COMPANY
_c2003
300 _a224
650 _aMODERN ILLUSTRATED CLASSICS
942 _cBK
999 _c276
_d276